000 02851nam0a2200433 4500
001 RU\NLR\BIBL_A\016218300
005 20230310142912.0
010 _a978-5-907174-77-1
_91000
021 _aRU
_bАЛ-П-22-00919и
_9АЛ-П-22-0181
035 _a(NLR Aleph) 016218300
035 _a(RuMoRGB)011292077
090 _a12729807
_c12729807
100 _a20221125d2022 k y0rusy50 ca
101 0 _arus
102 _aRU
105 _aa z 100zy
181 1 _ab2
_bab2e
181 1 _ai1
_baxxe
200 1 _aМосква и москвичи в эпоху Александра I
_e[каталог выставки], 31 мая - 31 августа 2022
_fДепартамент культуры города Москвы, "Царицыно" музей-заповедник
_g[автор-составитель А. М. Валькович]
203 _aТекст
_aИзображение
_bвизуальные
_cнепосредственные
210 _aМосква
_cГосударственный историко-архитектурный, художественный и ландшафтный музей-заповедник "Царицыно"
_cКучково поле Музеон
_d2022
215 _a318, [1] с.
_cил., портр., цв. ил., факс.
_d26
333 _a6+
601 0 2 _a"Царицыно", государственный историко-архитектурный, художественный и ландшафтный музей-заповедник
_cМосква, город
_jКаталоги
_xВыставки
_z2022
_92543080
_3RU\NLR\AUTH\6601718867
606 1 _aИзобразительное искусство русское
_jКаталоги
_xВыставки
_yМосква, город
_z19 в.
_z2022
_92543087
_3RU\NLR\AUTH\6601718870
606 1 _aБыт и нравы
_yМосква, город
_z19 в.
_92242046
_3RU\NLR\AUTH\6601576579
675 _a73/76(47+57)
_v4
686 1 _aЩ101.3(2Р)-2Москва9Царицыно л62
686 1 _aЩ103(2Р=Рус)5л62
686 1 _aТ3(2-2М)5-75
702 0 _4280
_7ca
_8rus
_aАлександр
_cимператор российский
_dI
_f1777-1825
_9115306
_3RU\NLR\AUTH\775342
702 1 _aВалькович
_bА. М.
_f1953-
_gАлександр Михайлович
_4220
711 1 2 _a"Москва и москвичи в эпоху Александра I", выставка
_eМосква
_f2022
_9823952
_3RU\NLR\AUTH\880579146
712 0 2 _4557
_a"Царицыно", государственный историко-архитектурный, художественный и ландшафтный музей-заповедник
_cМосква
_9650127
_3RU\NLR\AUTH\8810074080
942 _cBOOK
980 _aNB